000 01339cam a2200277 4500
008 030113n2002 000 0 eng u
020 _a1900648164
035 _a(Sirsi) u120975
041 _aeng.
050 _a693.82
_c18
110 _aLawrence Webster Forrest
_94400
245 _aLWF guide to fire safety management law and practice
260 _aCambridge
_bWorkplace Law Network
_c2002
300 _a280p.
_c22cm.
350 _a49.50
520 _aThis text aims to provide information on various aspects of fire safety to supplement specific training of managers who have had fire safety responsibilities delegated to them. Specific issues covered include: Management of Health and Safety at Work Regulations; The Building Regulations Approved Document B; fire risk assessment; emergency planning; choosing a fire alarm system; emergency lighting and fire doors and screens.
650 _aFIRE SAFETY LEGISLATION
650 _aLAW
650 _aMANAGEMENT OF HEALTH AND SAFETY AT WORK REGULATIONS
650 _aBUILDING REGULATIONS 1991 APPROVED DOCUMENT B (2000 EDITION)
650 _aMANAGEMENT-HEALTH AND SAFETY-FIRE SAFETY
650 _aFIRE PRECAUTIONS (WORKPLACE) REGULATIONS 1997
650 _aFIRE PRECAUTIONS (WORKPLACE) (AMENDMENT) REGULATIONS 1999
690 _aHealth and safety
_96244
942 _n0
999 _c102585
_d102585